LEADER 00905nam0-22003251i-450- 001 990005293900403321 005 20080617100343.0 035 $a000529390 035 $aFED01000529390 035 $a(Aleph)000529390FED01 035 $a000529390 100 $a19990604d1982----km-y0itay50------ba 101 0 $aita 102 $aIT 105 $ay-------001yy 200 1 $a<>Italia nell'eta di Dante, Petrarca e Boccaccio$fJohn Larner 210 $aBologna$cIl Mulino$d1982 215 $a460 p.$d22 cm 225 1 $aBiblioteca storica 676 $a945.04$v21$zita 700 1$aLarner,$bJohn$0206309 801 0$aIT$bUNINA$gRICA$2UNIMARC 901 $aBK 912 $a990005293900403321 952 $aSDI-KD 171$bs.i.$fSDI 952 $a945.04 LAR 1$bST.REL. 1988$fFLFBC 959 $aFLFBC 959 $aSDI 996 $aItalia nell'eta di Dante, Petrarca e Boccaccio$9141478 997 $aUNINA LEADER 01226nam a2200313 i 4500 001 991000770349707536 005 20020507173352.0 008 970224s1971 us ||| | eng 020 $a0030809827 035 $ab10754854-39ule_inst 035 $aLE01302056$9ExL 040 $aDip.to Matematica$beng 082 0 $a515.94 084 $aAMS 32C10 100 1 $aMorrow, James$057551 245 10$aComplex manifolds /$cJames Morrow, Kunihiko Kodaira 260 $aNew York :$bHolt, Rinehart and Winston,$cc1971 300 $avii, 192 p. ;$c24 cm. 490 0 $aAthena series. Selected topics in mathematics ;$v20 500 $aBibliography: p. 186-187 650 4$aComplex manifolds 700 1 $aKodaira, Kunihiko$eauthor$4http://id.loc.gov/vocabulary/relators/aut$046221 907 $a.b10754854$b23-02-17$c28-06-02 912 $a991000770349707536 945 $aLE013 32C MOR11 C.1 (1971)$g1$i2013000077680$lle013$o-$pE0.00$q-$rl$s- $t0$u3$v0$w3$x0$y.i1084899x$z28-06-02 945 $aLE013 32C MOR11 C.2 (1971)$g2$i2013000077697$lle013$o-$pE0.00$q-$rl$s- $t0$u0$v0$w0$x0$y.i10849002$z28-06-02 996 $aComplex manifolds$9381842 997 $aUNISALENTO 998 $ale013$b01-01-97$cm$da $e-$feng$gus $h0$i2